00480nam a2200169Ia 450000500170000000800410001702000170005808200130007510000140008824500340010226000350013630000130017150000100018494200060019495200950020099900150029520241107053246.0240331s9999 xx 000 0 und d a978141006994 bGOKa823 aGokhale,N 0aGods, Graves and Grandmother  aNew YorkbPenguin Groupsc1994 a240 p ., aNovel cL 001040708LaWERCLbWERCLcSSCd2024-03-31l0o 823 GOKp6739r2024-03-31w2024-03-31yL c5691d5691